000 00268nam a2200109Ia 4500
008 220204s9999 xx 000 0 und d
082 _a954(541.13)
_bSAI
100 _aOmesh
245 0 _aTripura: Its history and culture
260 _aDelhi
_bConcept
_c1978
942 _cBK
999 _c36608
_d36608